| 000 | 004890000a22001570004500 | ||
|---|---|---|---|
| 003 | MACL | ||
| 005 | 20170919133617.0 | ||
| 008 | 170919b xxu||||| |||| 00| 0 eng d | ||
| 040 | _cmacl | ||
| 100 |
_aश्री वास्तव, कुलदीप _969166 |
||
| 245 | _aमहान वीरांगना | ||
| 260 |
_bअनुराग प्रकाशन _c2007 |
||
| 350 | _a25 | ||
| 650 |
_aचिल्ड्रन बुक _9159 |
||
| 942 |
_cHIN _k741.642 _2ddc |
||
| 999 |
_c18721 _d18721 |
||